| 000 | 00000nam##2200000za#4500 |
| 001 | 9.699118 |
| 003 | CaOODSP |
| 005 | 20241203113638 |
| 007 | cr ||||||||||| |
| 008 | 150407|2001||||xxc|||||o f|0| 0 eng|d |
| 040 | |aCaOODSP|beng |
| 043 | |an-cn--- |
| 086 | 1 |aEn14-176/2001E-PDF |
| 110 | 1 |aCanada. |bEnvironment Canada. |
| 245 | 10|aSupport document to the Notice of Intent on Cleaner Vehicles, Engines and Fuels |h[electronic resource] |
| 260 | |aOttawa - Ontario : |bEnvironment Canada |c[2001]. |
| 300 | |a69p.|btables |
| 590 | |a14-21-Supp|b2014-12-11 |
| 690 | 07|aAtmospheric emissions|2gcpds |
| 690 | 07|aPollution prevention|2gcpds |
| 775 | 08|tDocument d'appui - Avis d'intention pour des véhicules, des moteurs et des carburants moins polluants |w(CaOODSP)9.643198 |
| 856 | 40|ahttp://publications.gc.ca|qPDF|s325 KB|uhttps://publications.gc.ca/collections/collection_2014/ec/En14-176-2001-eng.pdf |